| 000 | 00934nam a22002417a 4500 | ||
|---|---|---|---|
| 999 |
_c89569 _d89569 |
||
| 005 | 20230613163047.0 | ||
| 010 | _aBAC-EN21 ENG-111737 ENG-137127 | ||
| 020 |
_a9788186098141 _c350.00 |
||
| 035 | _aEN-95269 EN-120659 | ||
| 035 | _aB-591491-522 | ||
| 035 | _aB-664733 | ||
| 037 |
_adpl _bStar Pub/Ven |
||
| 037 | _aDBAD/PUB | ||
| 082 | _a616.462 | ||
| 100 | _aNagendra Kumar Neeraj | ||
| 245 |
_aDiabetes is not incurable / _cby Nagendra Kumar Neeraj |
||
| 260 |
_aJaipur _bPopular Book Depot _c2014 |
||
| 270 |
_aG-15,S.S. Tower, Dhamani Street, Chaura Rasta, _bJaipur _e302003 |
||
| 300 |
_a336p.: _c22cm(pbk) _bill. |
||
| 942 |
_2ddc _cEN _mNAG _h616.462 |
||